Geography starting with E - Statistics

General Stats
  • This quiz has been taken 80 times
  • The average score is 6 of 10
Answer Stats
Letters Clue Answer % Correct
5 Cleopatras country Egypt
97%
7 Baltic nation Estonia
95%
9 Scottish capital Edinburgh
94%
4 Italian volcano Etna
92%
10 Most denseley populated Central American country El Salvador
79%
8 Most populated landlocked country Ethiopia
77%
6 Europes highest mountain Elbrus
61%
13 Largest island in Vanuatu Espiritu Santo
4%
12 Popularly called Chicken Charlies island Eighteenmile
3%
11 Coastal island part of the Discovery Islands East Thurlow/East Redonda
1%
No matching quizzes found
Score Distribution
Percent of People with Each Score
Percentile by Number Answered
Your Score History
You have not taken this quiz